The theory of machines : (Record no. 188425)

000 -LEADER
fixed length control field 01046 a2200217 4500
003 - CONTROL NUMBER IDENTIFIER
control field Nust
005 - DATE AND TIME OF LATEST TRANSACTION
control field 20221229115941.0
010 ## - LIBRARY OF CONGRESS CONTROL NUMBER
LC control number 57000863
022 ## - INTERNATIONAL STANDARD SERIAL NUMBER
International Standard Serial Number 8131729656
040 ## - CATALOGING SOURCE
Transcribing agency Nust
082 ## - DEWEY DECIMAL CLASSIFICATION NUMBER
Classification number 621.8,BAV
100 ## - MAIN ENTRY--PERSONAL NAME
Personal name Bevan, Thomas.
9 (RLIN) 41936
245 ## - TITLE STATEMENT
Title The theory of machines :
Remainder of title a text-book for engineering students /
Statement of responsibility, etc. Thomas Bevan,
250 ## - EDITION STATEMENT
Edition statement 3rd ed
260 ## - PUBLICATION, DISTRIBUTION, ETC.
Place of publication, distribution, etc. London,
Name of publisher, distributor, etc. New York, Longmans, Green [
Date of publication, distribution, etc. 2010
300 ## - PHYSICAL DESCRIPTION
Extent 621 p
Other physical details illus
Dimensions 23 cm
Accompanying material Diagrams
505 ## - FORMATTED CONTENTS NOTE
Formatted contents note Definitions and Simple Mechanisms (Page-1), Motion, Inertial (Page-14), Velocity and Acceleration (Page-68), Mechanisms with Lower Pairs (Page-121), Valve Diagrams and Valve Gears (Page-142), Friction (Page-177), Belt, Rope and Chain Drives (Page-223), Brakes and Dynamometers (Page-248), Cams (Page-281), Tooth Gearing (Page-315), Gear Trains (Page-366), Dynamics of Machines (Page-412), Governors (Page-454), Balancing (Page-489), Vibrations (Page-532),
600 ## - SUBJECT ADDED ENTRY--PERSONAL NAME
Personal name Bevan, Thomas.
9 (RLIN) 41936
650 ## - SUBJECT ADDED ENTRY--TOPICAL TERM
Topical term or geographic name entry element Telecommunication Engineering
942 ## - ADDED ENTRY ELEMENTS (KOHA)
Source of classification or shelving scheme
Koha item type Book
Holdings
Withdrawn status Lost status Source of classification or shelving scheme Damaged status Not for loan Permanent Location Current Location Shelving location Date acquired Full call number Barcode Date last seen Price effective from Koha item type Public note
          Military College of Signals (MCS) Military College of Signals (MCS) General Stacks 12/12/2016 621.8,BAV MCS34650 12/08/2016 12/12/2016 Book Almirah No.41, Shelf No.1
© 2023 Central Library, National University of Sciences and Technology. All Rights Reserved.